| 000 | 01791nam a2200349 a 4500 | ||
|---|---|---|---|
| 999 |
_c35111 _d35111 |
||
| 003 | BLK | ||
| 005 | 20230803110419.0 | ||
| 008 | 180408b bul|||||r ||||||| ||bul|| | ||
| 010 | _aKNG00037829000 | ||
| 040 | _aBLK | ||
| 041 |
_aBUL _cBUL |
||
| 080 |
_aТоксикология. Отравяния. Учение за отровите. Общи въпроси. Отрови - органични, неорганични, растителни, животински. Вж и 615. 009. Противоотрови вж 615. 27 _b615.9 _z615.9 |
||
| 080 |
_aОтравяния. Употребява се само като спец. определител _b616-099 _z616-099 |
||
| 100 |
_aМонов, Александър Петров _d1921-2013 _9251090 |
||
| 139 |
_aКлинична токсикология _bК 65 |
||
| 245 | 1 | 0 |
_aКлинична токсикология _bРъководство _cАлександър Монов и др. ; под ред. на Александър Монов. |
| 257 | _aBGR | ||
| 260 |
_aСофия _bМедицина и физкултура _c1972 _fПловдив : Д. Благоев |
||
| 300 |
_a559 с. _bс ил., 6 л. ил. _c22 см |
||
| 380 | _a61 | ||
| 500 | _aДруги авт.: Веселин Петков, Лулчо Кръстанов, Сетка Андреева. - Библиогр. след всяка част. - 2 590 тир. | ||
| 650 | 4 |
_aТоксикология _9173744 |
|
| 653 | _aръководства | ||
| 700 |
_aМонов, Александър Петров _d1921-2013 _9251090 |
||
| 852 | _aЦб 64909 | ||
| 856 | 4 | _qpdf | |
| 856 | 4 | _qpdf | |
| 942 |
_cKNG _n0 _01 _s1 |
||
| 944 |
_aCR _c04.01.2017 _k30556 _lТеодора Пейчева-Дянкова |
||
| 944 |
_aED _c2022-07-22 _kир |
||
| 999 | _d35111 | ||